Things that begin with I - Statistics

General Stats
  • This quiz has been taken 165 times
  • The average score is 10 of 15
Answer Stats
Hint Answer % Correct
Frozen water Ice
99%
Swedish furniture store IKEA
98%
Shelter made of snow Igloo
97%
Apple phone iPhone
97%
Between blue and purple Indigo
94%
Person who discovered gravity Isaac Newton
93%
Also known as Côte d'Ivoire Ivory Coast
82%
A computer network linking computer networks worldwide Internet
78%
Luck of the ____ Irish
67%
26th element of the periodic table Iron
57%
Factual knowledge Information
49%
Largest river in Pakistan Indus
38%
Fast food chain popular in California In and Out
36%
Japanese volcanic island Iwo Jima
21%
A frame of a representation of a frame Image
17%
No matching quizzes found
Score Distribution
Percent of People with Each Score
Percentile by Number Answered
Your Score History
You have not taken this quiz